[Event "Oberliga Ost B 2018 2019"]
[Site "?"]
[Date "2018.12.16"]
[Round "5.3"]
[White "Schneider, Christian"]
[Black "Heyder, Florian"]
[Result "0-1"]
[WhiteElo "2195"]
[BlackElo "2210"]
[PlyCount "116"]
[EventDate "2018.10.21"]
[EventType "team-tourn"]
[EventCountry "GER"]
[WhiteTeam "Stadtilm SG BW"]
[BlackTeam "Sangerhausen SV"]
[WhiteTeamCountry "GER"]
[BlackTeamCountry "GER"]

1. d4 e6 2. Nf3 Nf6 3. g3 b6 4. Bg2 Bb7 5. O-O c5 6. c4 cxd4 7. Nxd4 Bxg2 8.
Kxg2 Qc7 9. b3 a6 10. Bb2 Be7 11. Nc3 O-O 12. e4 d6 13. Rc1 Qb7 14. Qe2 Nbd7
15. f3 Rfe8 16. Rfd1 Rac8 17. Nc2 Ne5 18. f4 Ng6 19. a4 Nd7 20. Ba3 Nc5 21. b4
Nd7 22. Ne3 Red8 23. Qf3 Nf6 24. Rd3 Qb8 25. Rcd1 h5 26. b5 a5 27. Kg1 Ng4 28.
Nxg4 hxg4 29. Qxg4 Rxc4 30. Qf3 Qc7 31. h4 Rc8 32. Ne2 Rxa4 33. h5 Nf8 34. Nd4
Nd7 35. Nc6 Nc5 36. Bxc5 bxc5 37. e5 d5 38. f5 Bg5 39. f6 gxf6 40. exf6 Kh8 41.
h6 Re4 42. Kg2 Rg8 43. Ne7 Rf8 44. Nc6 Kh7 45. Rxd5 Re3 46. Qg4 Bxf6 47. Rd7
Qb6 48. Qf4 Qxb5 49. Qxe3 Qxc6+ 50. Kh2 Bd4 51. Qd3+ Kxh6 52. Rxd4 cxd4 53.
Qxd4 f5 54. Qf4+ Kg6 55. Rd6 Rh8+ 56. Kg1 Rh1+ 57. Kf2 Rh2+ 58. Ke3 Qc1+ 0-1

[Event "Oberliga Ost B 2018 2019"]
[Site "?"]
[Date "2018.12.16"]
[Round "5.5"]
[White "Siebarth, Marco"]
[Black "Hellwig, Tobias"]
[Result "1/2-1/2"]
[WhiteElo "2008"]
[BlackElo "2216"]
[PlyCount "130"]
[EventDate "2018.10.21"]
[EventType "team-tourn"]
[EventCountry "GER"]
[WhiteTeam "Stadtilm SG BW"]
[BlackTeam "Sangerhausen SV"]
[WhiteTeamCountry "GER"]
[BlackTeamCountry "GER"]

1. e4 Nf6 2. e5 Nd5 3. c4 Nb6 4. d4 d6 5. exd6 exd6 6. Nc3 Nc6 7. Be3 Bf5 8. b3
Be7 9. Bd3 Bxd3 10. Qxd3 O-O 11. Nf3 Bf6 12. O-O d5 13. c5 Nc8 14. a3 g6 15.
Bh6 Re8 16. Rfe1 Rxe1+ 17. Rxe1 N8e7 18. Bg5 Bg7 19. Qe3 Qd7 20. Bxe7 Re8 21.
Qg5 Rxe7 22. Qxd5 Qxd5 23. Nxd5 Rxe1+ 24. Nxe1 Nxd4 25. b4 c6 26. Ne3 Kf8 27.
Nc4 Ke7 28. Nd6 Nb5 29. Nxb7 Nxa3 30. Nd3 a6 31. Nd6 Nc2 32. Nc4 Ke6 33. Na5
Kd7 34. Kf1 Bc3 35. Nc4 f6 36. Nf4 Nxb4 37. Ke2 Nd5 38. Nd3 a5 39. f3 g5 40. h3
Ke6 41. g3 a4 42. Nf2 Nb4 43. Ne4 Bd4 44. Kd2 h6 45. g4 f5 46. Nc3 Bxc5 47.
Nxa4 Bd4 48. Nc3 Nd5 49. Ne2 Ba7 50. Ng3 Ne7 51. Kd3 Bb8 52. Ne2 c5 53. Ne3 Bd6
54. Nc3 Be5 55. Ne2 f4 56. Nc4 Nc6 57. Ke4 Bg7 58. h4 gxh4 59. Nxf4+ Kd7 60.
Kd5 Bd4 61. Nb6+ Kc7 62. Nc4 Nb4+ 63. Ke4 Kc6 64. Nh3 Nd5 65. f4 Nf6+ 1/2-1/2

[Event "Oberliga Ost B 2018 2019"]
[Site "?"]
[Date "2018.12.16"]
[Round "5.6"]
[White "Richter, Dustin"]
[Black "Mehlhorn, Uwe"]
[Result "1-0"]
[WhiteElo "2164"]
[BlackElo "2109"]
[PlyCount "89"]
[EventDate "2018.10.21"]
[EventType "team-tourn"]
[EventCountry "GER"]
[WhiteTeam "Sangerhausen SV"]
[BlackTeam "Stadtilm SG BW"]
[WhiteTeamCountry "GER"]
[BlackTeamCountry "GER"]

1. Nf3 g6 2. g3 Bg7 3. Bg2 c5 4. O-O Nc6 5. d3 e6 6. e4 Nge7 7. c3 d5 8. Bg5 h6
9. Bf4 dxe4 10. dxe4 Qxd1 11. Rxd1 e5 12. Be3 b6 13. Na3 Ba6 14. Rd6 O-O 15.
Rad1 Rfd8 16. Bf1 Bxf1 17. Kxf1 Rxd6 18. Rxd6 Rd8 19. Rxd8+ Nxd8 20. Ke2 Kf8
21. Kd3 Ke8 22. Kc4 Kd7 23. Kb5 Kc7 24. Ka6 Kb8 25. Nb5 Nec6 26. Nxa7 Nxa7 27.
Kxb6 Ne6 28. a4 c4 29. Nd2 Nc8+ 30. Kc6 f5 31. Nxc4 f4 32. Bc5 fxg3 33. fxg3
Ng5 34. Nd2 Nf7 35. b4 Na7+ 36. Bxa7+ Kxa7 37. Kd7 h5 38. h4 Nh6 39. Ke7 Kb7
40. Nc4 Kc6 41. Ne3 Bh8 42. Ke6 Kc7 43. a5 Kc6 44. c4 Ng8 45. Nd5 1-0

[Event "Oberliga Ost B 2018 2019"]
[Site "?"]
[Date "2018.12.16"]
[Round "5.7"]
[White "Neubauer, Andreas"]
[Black "Buerckner, Georg"]
[Result "1-0"]
[WhiteElo "2184"]
[BlackElo "2032"]
[PlyCount "115"]
[EventDate "2018.10.21"]
[EventType "team-tourn"]
[EventCountry "GER"]
[WhiteTeam "Stadtilm SG BW"]
[BlackTeam "Sangerhausen SV"]
[WhiteTeamCountry "GER"]
[BlackTeamCountry "GER"]

1. d4 d5 2. Nf3 e6 3. g3 Nf6 4. Bg2 Bd6 5. O-O O-O 6. b3 Nbd7 7. Ba3 b6 8. c4
Bb7 9. Nfd2 Ne4 10. Nxe4 dxe4 11. Qc2 Bxa3 12. Nxa3 f5 13. b4 Qe7 14. c5 Bd5
15. Nb5 Rfc8 16. Rfe1 a6 17. Nc3 Nf6 18. f3 exf3 19. exf3 Qd7 20. Rad1 Re8 21.
Re5 Rad8 22. Ne2 Qb5 23. a3 a5 24. Rb1 axb4 25. Rxb4 Qa6 26. cxb6 cxb6 27. Qb2
Qd3 28. Kf2 Nd7 29. Re3 Qa6 30. Nc3 Rc8 31. Nxd5 exd5 32. Rxe8+ Rxe8 33. Rb5
Nf6 34. Bf1 Qa4 35. Rxb6 Qd1 36. Rb8 Qe1+ 37. Kg2 h6 38. Rxe8+ Nxe8 39. Qe2
Qxe2+ 40. Bxe2 Nd6 41. a4 Kf7 42. a5 Nc8 43. a6 Ke6 44. Bd3 g6 45. Kf2 Kd6 46.
h4 Ke6 47. Ke3 Kf6 48. h5 g5 49. f4 Na7 50. Kd2 gxf4 51. gxf4 Ke6 52. Kc3 Nc6
53. Bb5 Na7 54. Kb4 Kd6 55. Ba4 Nc8 56. Bc2 Ne7 57. Bxf5 Nc6+ 58. Kc3 1-0

[Event "Oberliga Ost B 2018 2019"]
[Site "?"]
[Date "2018.12.16"]
[Round "5.8"]
[White "Guenther, Christian"]
[Black "Wolf, Philipp"]
[Result "1-0"]
[WhiteElo "2158"]
[BlackElo "1913"]
[PlyCount "103"]
[EventDate "2018.10.21"]
[EventType "team-tourn"]
[EventCountry "GER"]
[WhiteTeam "Sangerhausen SV"]
[BlackTeam "Stadtilm SG BW"]
[WhiteTeamCountry "GER"]
[BlackTeamCountry "GER"]

1. d4 Nf6 2. c4 e6 3. Nf3 b6 4. g3 Ba6 5. b3 Bb4+ 6. Bd2 Be7 7. Bg2 c6 8. O-O
d5 9. Ne5 O-O 10. Bc3 Nfd7 11. Nxd7 Nxd7 12. Nd2 Rc8 13. e4 b5 14. Re1 bxc4 15.
bxc4 Nf6 16. e5 Nd7 17. Qa4 Bxc4 18. Nxc4 dxc4 19. Qxc4 c5 20. Qa4 cxd4 21.
Bxd4 Nb6 22. Qd1 Rc4 23. Re4 Bc5 24. Bxc5 Rxc5 25. Qh5 Qc7 26. Rae1 Rc1 27. h4
Rd8 28. Qg5 Rdd1 29. Rxd1 Rxd1+ 30. Kh2 Qd8 31. Qxd8+ Rxd8 32. Re2 Rd3 33. Rc2
Ra3 34. Be4 g6 35. Bc6 Kf8 36. h5 Ra5 37. f4 Ke7 38. h6 Ra3 39. Kh3 Rd3 40. Bb5
Rd5 41. a4 Kd8 42. Kg4 Rd1 43. Kg5 Nd5 44. Rc6 Ne7 45. Ra6 Rh1 46. Rxa7 Nd5 47.
g4 Nc7 48. Rb7 Kc8 49. Rb6 Nd5 50. Rc6+ Kb7 51. Rd6 Nb4 52. Rd7+ 1-0

[Event "Oberliga Ost B 2018 2019"]
[Site "?"]
[Date "2019.02.02"]
[Round "6.1"]
[White "Teske, Henrik"]
[Black "Chojnacki, Krzysztof"]
[Result "1/2-1/2"]
[WhiteElo "2489"]
[BlackElo "2373"]
[PlyCount "60"]
[EventDate "2018.10.21"]
[EventType "team-tourn"]
[EventCountry "GER"]
[WhiteTeam "Erfurt SV Empor"]
[BlackTeam "Wiesbadener SV"]
[WhiteTeamCountry "GER"]
[BlackTeamCountry "GER"]

1. Nf3 Nf6 2. c4 g6 3. Nc3 Bg7 4. e4 d6 5. d4 O-O 6. Be2 e5 7. O-O Nc6 8. d5
Ne7 9. b4 Nh5 10. Re1 f5 11. Ng5 Nf6 12. Bf3 c6 13. Ba3 h6 14. Ne6 Bxe6 15.
dxe6 fxe4 16. Nxe4 Nxe4 17. Bxe4 d5 18. cxd5 cxd5 19. b5 dxe4 20. Qxd8 Rfxd8
21. Bxe7 Re8 22. Bc5 Rxe6 23. Rxe4 a6 24. Ra4 Rc8 25. bxa6 Rxa6 26. Rxa6 bxa6
27. Rc1 h5 28. Kf1 e4 29. Ke2 Bh6 30. Rc3 Bg7 1/2-1/2

[Event "Oberliga Ost B 2018 2019"]
[Site "?"]
[Date "2019.02.02"]
[Round "6.3"]
[White "Urban, Lars"]
[Black "Geske, Julian"]
[Result "0-1"]
[WhiteElo "2202"]
[BlackElo "2378"]
[PlyCount "120"]
[EventDate "2018.10.21"]
[EventType "team-tourn"]
[EventCountry "GER"]
[WhiteTeam "Erfurt SV Empor"]
[BlackTeam "Wiesbadener SV"]
[WhiteTeamCountry "GER"]
[BlackTeamCountry "GER"]

1. d4 Nf6 2. c4 g6 3. Nc3 Bg7 4. e4 d6 5. f3 O-O 6. Nge2 c5 7. d5 e6 8. Ng3
exd5 9. cxd5 h5 10. Be2 h4 11. Nf1 Nbd7 12. Ne3 Nh5 13. O-O Nf4 14. Nc4 Qg5 15.
Bxf4 Qxf4 16. Qc1 Qf6 17. f4 Qe7 18. Qc2 a6 19. a4 h3 20. g3 Bd4+ 21. Kh1 Nf6
22. Rae1 Bxc3 23. Qxc3 Nxe4 24. Bf3 f5 25. Bxe4 fxe4 26. Nb6 Rb8 27. Nxc8 Rbxc8
28. g4 Rce8 29. Qxh3 e3 30. Qh6 Rf6 31. g5 Qe4+ 32. Kg1 Rf7 33. f5 Qg4+ 34. Kh1
Qe4+ 35. Kg1 gxf5 36. Qg6+ Rg7 37. Qxf5 Qe5 38. Kh1 e2 39. Rf3 Qxf5 40. Rxf5
Rf7 41. Rxf7 Kxf7 42. Kg2 Kg6 43. h4 Re4 44. a5 Kf5 45. Kg3 Rg4+ 46. Kh3 Re4
47. Kg3 Kg6 48. Kf3 Rxh4 49. Rxe2 Kxg5 50. Re6 Kf5 51. Ke3 Rb4 52. Rxd6 Ke5 53.
Rd7 Rxb2 54. Kd3 Rb4 55. d6 Kd5 56. Rd8 Kc6 57. d7 Rd4+ 58. Kc3 Rxd7 59. Rh8
Kb5 60. Rh5 Rc7 0-1

[Event "Oberliga Ost B 2018 2019"]
[Site "?"]
[Date "2019.02.02"]
[Round "6.4"]
[White "Gottschalk, Jens"]
[Black "Weishaeutel, Moritz"]
[Result "0-1"]
[WhiteElo "2276"]
[BlackElo "2269"]
[PlyCount "84"]
[EventDate "2018.10.21"]
[EventType "team-tourn"]
[EventCountry "GER"]
[WhiteTeam "Wiesbadener SV"]
[BlackTeam "Erfurt SV Empor"]
[WhiteTeamCountry "GER"]
[BlackTeamCountry "GER"]

1. d4 Nf6 2. c4 e6 3. g3 d5 4. Nf3 Be7 5. Bg2 O-O 6. O-O dxc4 7. Qc2 a6 8. Qxc4
b5 9. Qc2 Bb7 10. Bd2 Be4 11. Qc1 c6 12. Rd1 Nbd7 13. Nc3 Bg6 14. Bf4 Rc8 15.
a3 Qb6 16. Ne5 Nxe5 17. Bxe5 c5 18. dxc5 Bxc5 19. e3 Ng4 20. Bd4 Bxd4 21. Rxd4
Ne5 22. Qd2 Bh5 23. Rd6 Rfd8 24. Rxb6 Rxd2 25. Rxa6 Rxb2 26. Rb6 Nf3+ 27. Bxf3
Bxf3 28. Rxb5 Rc2 29. Nd1 Rd8 30. Rbb1 h5 31. a4 Rdd2 32. a5 Ra2 33. Nc3 Rac2
34. Nd1 h4 35. a6 Re2 36. Nc3 Rxf2 37. a7 Rg2+ 38. Kf1 Rxh2 39. a8=Q+ Bxa8 40.
Rxa8+ Kh7 41. Kg1 Rcg2+ 42. Kf1 h3 0-1

[Event "Oberliga Ost B 2018 2019"]
[Site "?"]
[Date "2019.02.02"]
[Round "6.5"]
[White "Michalowski, Peter"]
[Black "Nehmert, Ulrich"]
[Result "1/2-1/2"]
[WhiteElo "2094"]
[BlackElo "2242"]
[PlyCount "26"]
[EventDate "2018.10.21"]
[EventType "team-tourn"]
[EventCountry "GER"]
[WhiteTeam "Erfurt SV Empor"]
[BlackTeam "Wiesbadener SV"]
[WhiteTeamCountry "GER"]
[BlackTeamCountry "GER"]

1. e4 c5 2. Nc3 e6 3. Nf3 Nf6 4. e5 Nd5 5. Nxd5 exd5 6. d4 Nc6 7. dxc5 Bxc5 8.
Qxd5 Qb6 9. Bc4 Bxf2+ 10. Ke2 O-O 11. Rf1 Bc5 12. Ng5 Nd4+ 13. Kd1 Ne6 1/2-1/2

[Event "Oberliga Ost B 2018 2019"]
[Site "?"]
[Date "2019.02.02"]
[Round "6.8"]
[White "Ungurean, Florin Ioan"]
[Black "Pichl, Michael"]
[Result "1-0"]
[WhiteElo "1997"]
[BlackElo "2023"]
[PlyCount "93"]
[EventDate "2018.10.21"]
[EventType "team-tourn"]
[EventCountry "GER"]
[WhiteTeam "Wiesbadener SV"]
[BlackTeam "Erfurt SV Empor"]
[WhiteTeamCountry "GER"]
[BlackTeamCountry "GER"]

1. d4 g6 2. Bf4 Bg7 3. e3 d6 4. Nf3 Nd7 5. Nc3 Ngf6 6. Be2 b6 7. O-O Bb7 8. h3
O-O 9. Re1 a6 10. a4 e6 11. Bh2 Qe7 12. Nd2 e5 13. Bf3 e4 14. Be2 Rfe8 15. Nb3
h5 16. Nb1 Bh6 17. c4 Nf8 18. Nc3 Ne6 19. Nd2 Ng7 20. b4 Nf5 21. Nb3 c6 22. c5
bxc5 23. bxc5 d5 24. Na5 Ra7 25. Rb1 Ba8 26. Rb6 Rc8 27. Bb8 Rxb8 28. Rxb8+ Kg7
29. Rb6 Qc7 30. Bf1 Nd7 31. Qb3 Bg5 32. Qb4 Bd8 33. Rb1 g5 34. Be2 Nf6 35. Bf1
g4 36. Ne2 g3 37. Nxg3 Nxg3 38. fxg3 Qxg3 39. Qe1 Qc7 40. Nb3 Bb7 41. a5 Qd7
42. Qg3+ Kh7 43. Qh4 Qf5 44. Be2 Kg7 45. Qg3+ Kh8 46. Rf1 Qh7 47. Qb8 1-0

[Event "Oberliga Ost B 2018 2019"]
[Site "?"]
[Date "2019.02.02"]
[Round "6.1"]
[White "Lubbe, Nikolas"]
[Black "Juhasz, Barbara"]
[Result "1-0"]
[WhiteElo "2456"]
[BlackElo "2182"]
[PlyCount "99"]
[EventDate "2018.10.21"]
[EventType "team-tourn"]
[EventCountry "GER"]
[WhiteTeam "Neuberg SF"]
[BlackTeam "Erfurt SV Medizin"]
[WhiteTeamCountry "GER"]
[BlackTeamCountry "GER"]

1. Nf3 Nf6 2. e3 g6 3. b3 Bg7 4. Bb2 d6 5. d4 O-O 6. Be2 c5 7. O-O Ne4 8. Nbd2
d5 9. Ne5 Nxd2 10. Qxd2 Nc6 11. Nxc6 bxc6 12. c3 Qa5 13. b4 cxb4 14. cxb4 Qb6
15. Rfc1 Rb8 16. a3 Ba6 17. Rc5 Bxe2 18. Qxe2 e6 19. Qc2 Rfc8 20. Rc1 Bf8 21.
Ra5 Rb7 22. Qa4 Rbc7 23. g3 Qb7 24. Bc3 h5 25. Be1 Be7 26. Qc2 Qb6 27. Qd3 Rd8
28. f3 Qb7 29. Bf2 Rcc8 30. Qc2 Rd7 31. Qa4 Rdc7 32. Kg2 Kg7 33. h3 f5 34. Qd1
Bd6 35. Qe2 Rf7 36. Rc2 Bc7 37. Rac5 Bb6 38. R5c3 Rff8 39. Qd1 a5 40. Qc1 axb4
41. axb4 Kf7 42. b5 c5 43. dxc5 Ba5 44. Rb3 e5 45. b6 e4 46. c6 exf3+ 47. Kg1
Qb8 48. b7 Rc7 49. Rb5 Qa7 50. Ra2 1-0

[Event "Oberliga Ost B 2018 2019"]
[Site "?"]
[Date "2019.02.02"]
[Round "6.2"]
[White "Wehner, Janis"]
[Black "Lubbe, Melanie"]
[Result "0-1"]
[WhiteElo "2160"]
[BlackElo "2342"]
[PlyCount "54"]
[EventDate "2018.10.21"]
[EventType "team-tourn"]
[EventCountry "GER"]
[WhiteTeam "Erfurt SV Medizin"]
[BlackTeam "Neuberg SF"]
[WhiteTeamCountry "GER"]
[BlackTeamCountry "GER"]

1. e4 d6 2. Nf3 Nf6 3. Nc3 e5 4. d4 Nbd7 5. dxe5 dxe5 6. Bc4 Be7 7. O-O O-O 8.
Qe2 c6 9. a4 a5 10. Ne1 Nc5 11. Nd3 Nxd3 12. cxd3 Bc5 13. Be3 Qb6 14. Bg5 Bg4
15. Qd2 Ne8 16. Kh1 Nc7 17. Nd1 Be6 18. Ne3 f6 19. Bxe6+ Nxe6 20. Nc4 Qc7 21.
Be3 Rfd8 22. Qc2 Bd4 23. Rfc1 Qe7 24. Bd2 b6 25. Ne3 Qf7 26. Rab1 Nc5 27. Rd1
Qb3 0-1

[Event "Oberliga Ost B 2018 2019"]
[Site "?"]
[Date "2019.02.02"]
[Round "6.3"]
[White "Kuenstler, Christian"]
[Black "Jakob, Matthias"]
[Result "1/2-1/2"]
[WhiteElo "2285"]
[BlackElo "2091"]
[PlyCount "31"]
[EventDate "2018.10.21"]
[EventType "team-tourn"]
[EventCountry "GER"]
[WhiteTeam "Neuberg SF"]
[BlackTeam "Erfurt SV Medizin"]
[WhiteTeamCountry "GER"]
[BlackTeamCountry "GER"]

1. d4 Nc6 2. d5 Ne5 3. e4 e6 4. f4 exd5 5. Nc3 Ng6 6. exd5 Bb4 7. Nge2 Qe7 8.
Qd3 Nf6 9. Bd2 Bxc3 10. Qxc3 O-O 11. Qd4 Qe4 12. Qxe4 Nxe4 13. g3 d6 14. Bg2
Re8 15. Bxe4 Rxe4 16. Kf2 1/2-1/2

[Event "Oberliga Ost B 2018 2019"]
[Site "?"]
[Date "2019.02.02"]
[Round "6.4"]
[White "Kirschbaum, Gunnar"]
[Black "Wahedi, Ahmad Siar"]
[Result "1/2-1/2"]
[WhiteElo "2137"]
[BlackElo "2306"]
[PlyCount "98"]
[EventDate "2018.10.21"]
[EventType "team-tourn"]
[EventCountry "GER"]
[WhiteTeam "Erfurt SV Medizin"]
[BlackTeam "Neuberg SF"]
[WhiteTeamCountry "GER"]
[BlackTeamCountry "GER"]

1. e4 c5 2. d4 cxd4 3. c3 d3 4. Bxd3 d6 5. f4 Nf6 6. Nf3 Nc6 7. O-O Qb6+ 8. Kh1
Ng4 9. Qe2 h5 10. Na3 e6 11. Nc4 Qc7 12. a4 Bd7 13. b4 Be7 14. Bd2 Rd8 15. Rae1
Nb8 16. a5 b5 17. axb6 axb6 18. Ne3 Bc8 19. Nd4 Nxe3 20. Qxe3 h4 21. h3 g6 22.
e5 d5 23. Qf3 Nc6 24. Be3 Nxd4 25. Bxd4 Bd7 26. Qf2 Rb8 27. Ra1 O-O 28. Ra6 Ra8
29. Rfa1 Rxa6 30. Rxa6 Rb8 31. Qa2 Bd8 32. b5 Bc8 33. Ra7 Rb7 34. Rxb7 Qxb7 35.
c4 dxc4 36. Qxc4 Bd7 37. Bf2 Qd5 38. Kg1 Qxc4 39. Bxc4 Bc8 40. Be3 Kg7 41. Kf2
Bb7 42. Be2 Bd5 43. Bf3 Bc4 44. Bc6 f6 45. exf6+ Kxf6 46. Bd4+ Kf5 47. Ke3 Bd5
48. Bxd5 exd5 49. Kf3 Bc7 1/2-1/2

[Event "Oberliga Ost B 2018 2019"]
[Site "?"]
[Date "2019.02.02"]
[Round "6.5"]
[White "Lutz, Klaus Juergen"]
[Black "Mueller Ludwig, Kristin"]
[Result "1-0"]
[WhiteElo "2200"]
[BlackElo "2034"]
[PlyCount "51"]
[EventDate "2018.10.21"]
[EventType "team-tourn"]
[EventCountry "GER"]
[WhiteTeam "Neuberg SF"]
[BlackTeam "Erfurt SV Medizin"]
[WhiteTeamCountry "GER"]
[BlackTeamCountry "GER"]

1. e4 e6 2. d4 d5 3. Nd2 Nf6 4. e5 Nfd7 5. Bd3 c5 6. c3 Nc6 7. Ne2 a5 8. O-O a4
9. Nf3 a3 10. c4 dxc4 11. Bxc4 cxd4 12. Nexd4 Ndxe5 13. Bb5 Bd7 14. Qe2 Nxf3+
15. Nxf3 Qb6 16. Rd1 Ra5 17. Bc4 Be7 18. bxa3 Bf6 19. Be3 Qc7 20. Rab1 Rxa3 21.
Bb6 Qf4 22. Be3 Qc7 23. Bc5 Rc3 24. Bd6 Qc8 25. Bb5 h6 26. Bb4 1-0

[Event "Oberliga Ost B 2018 2019"]
[Site "?"]
[Date "2019.02.02"]
[Round "6.6"]
[White "Reichel, Norbert"]
[Black "Overbeck, Thorsten"]
[Result "0-1"]
[WhiteElo "2106"]
[BlackElo "2303"]
[PlyCount "62"]
[EventDate "2018.10.21"]
[EventType "team-tourn"]
[EventCountry "GER"]
[WhiteTeam "Erfurt SV Medizin"]
[BlackTeam "Neuberg SF"]
[WhiteTeamCountry "GER"]
[BlackTeamCountry "GER"]

1. d4 d5 2. c4 c6 3. Nf3 Nf6 4. Nc3 e6 5. e3 Nbd7 6. Bd3 dxc4 7. Bxc4 b5 8. Bd3
Bd6 9. O-O O-O 10. e4 e5 11. h3 Bb7 12. Re1 Re8 13. Bg5 h6 14. Bh4 a6 15. Rc1
c5 16. dxc5 Bxc5 17. Bb1 Qb6 18. Qe2 Bd4 19. Nd2 Rac8 20. Kh2 b4 21. Na4 Qb5
22. Rxc8 Rxc8 23. b3 Qxe2 24. Rxe2 g5 25. Bg3 Rc1 26. Bd3 Rd1 27. Bc4 Bc3 28.
Nf3 Nxe4 29. Nb2 Ra1 30. Nd3 Nxg3 31. Kxg3 e4 0-1

[Event "Oberliga Ost B 2018 2019"]
[Site "?"]
[Date "2019.02.02"]
[Round "6.8"]
[White "Grund, Sebastian"]
[Black "Schaffer, Hendrik"]
[Result "0-1"]
[WhiteElo "2073"]
[BlackElo "2272"]
[PlyCount "74"]
[EventDate "2018.10.21"]
[EventType "team-tourn"]
[EventCountry "GER"]
[WhiteTeam "Erfurt SV Medizin"]
[BlackTeam "Neuberg SF"]
[WhiteTeamCountry "GER"]
[BlackTeamCountry "GER"]

1. d4 g6 2. c4 Bg7 3. Nf3 d6 4. g3 Nf6 5. Bg2 O-O 6. O-O c6 7. Nc3 Bf5 8. h3
Ne4 9. Bd2 Qb6 10. Nxe4 Bxe4 11. Bc3 Nd7 12. Qd2 d5 13. cxd5 cxd5 14. a4 Rac8
15. a5 Qf6 16. Rfc1 Nb8 17. Ne5 Bxg2 18. Kxg2 Qf5 19. Qd3 Qe6 20. Qb5 Bxe5 21.
dxe5 Qc6 22. Qxc6 Nxc6 23. e3 a6 24. Rd1 Rfd8 25. Ra4 e6 26. g4 h6 27. h4 Kg7
28. h5 g5 29. f4 Na7 30. Rf1 Nb5 31. fxg5 hxg5 32. Rf6 Nxc3 33. h6+ Kg8 34.
bxc3 Rxc3 35. Ra1 Rxe3 36. Rb1 Rd7 37. Rc1 Rxe5 0-1

[Event "Oberliga Ost B 2018 2019"]
[Site "?"]
[Date "2019.02.02"]
[Round "6.1"]
[White "Kuznecovs, Nikita"]
[Black "Zimmermann, Hendrik"]
[Result "1-0"]
[WhiteElo "2262"]
[BlackElo "2240"]
[PlyCount "73"]
[EventDate "2018.10.21"]
[EventType "team-tourn"]
[EventCountry "GER"]
[WhiteTeam "Stadtilm SG BW"]
[BlackTeam "Frankfurt SC Koenig Nied"]
[WhiteTeamCountry "GER"]
[BlackTeamCountry "GER"]

1. c4 f5 2. b4 e5 3. Bb2 d6 4. e3 Nf6 5. d4 Nbd7 6. Nc3 g6 7. Nf3 Bg7 8. Qb3 a5
9. a3 e4 10. Ng5 Nf8 11. h4 h6 12. Nh3 g5 13. O-O-O axb4 14. axb4 Ng6 15. hxg5
hxg5 16. Be2 Bh6 17. g3 Be6 18. d5 Bd7 19. c5 Ke7 20. Nb5 Rc8 21. Kb1 Qf8 22.
Nxc7 Rxc7 23. cxd6+ Kxd6 24. Bd4 b6 25. Bxb6 Qb8 26. Qb2 Ne5 27. Bxc7+ Qxc7 28.
Nxg5 Bxg5 29. Rxh8 Nfg4 30. Bxg4 Nxg4 31. Rg8 Bf6 32. Rg6 Qd8 33. b5 Ke7 34.
Rxf6 Nxf6 35. b6 Qb8 36. d6+ Kf7 37. Qa2+ 1-0

[Event "Oberliga Ost B 2018 2019"]
[Site "?"]
[Date "2019.02.02"]
[Round "6.2"]
[White "Chandler, Patrick"]
[Black "Siebarth, Raiko"]
[Result "1/2-1/2"]
[WhiteElo "2165"]
[BlackElo "2266"]
[PlyCount "221"]
[EventDate "2018.10.21"]
[EventType "team-tourn"]
[EventCountry "GER"]
[WhiteTeam "Frankfurt SC Koenig Nied"]
[BlackTeam "Stadtilm SG BW"]
[WhiteTeamCountry "GER"]
[BlackTeamCountry "GER"]

1. e4 c5 2. Bc4 e6 3. Nf3 Nc6 4. Nc3 Nf6 5. d3 Be7 6. O-O d6 7. a3 O-O 8. Bd2
a6 9. Ba2 b5 10. Ne2 d5 11. Ng3 Bb7 12. Re1 dxe4 13. dxe4 Nd4 14. Bc3 Nxf3+ 15.
Qxf3 b4 16. Be5 Qb6 17. Bc4 Nd7 18. Bf4 Bf6 19. c3 Ne5 20. Qe2 Nxc4 21. Qxc4
bxc3 22. bxc3 Qb5 23. Qxb5 axb5 24. Rec1 Rfd8 25. Be3 Be7 26. Rab1 Ba6 27. Ra1
Rab8 28. Nf1 e5 29. f3 c4 30. Kf2 Rd3 31. Ke2 Rbd8 32. Bb6 R8d7 33. Ba5 g6 34.
Bb4 Bg5 35. Rc2 f5 36. exf5 gxf5 37. a4 e4 38. fxe4 fxe4 39. axb5 Bb7 40. Bc5
e3 41. b6 Rf7 42. Ke1 Bh4+ 43. Ng3 Bf6 44. Bb4 Be5 45. Nf1 Rg7 46. Ra5 Bb8 47.
Rf5 Rd8 48. Nxe3 Bxh2 49. Rd2 Re8 50. Re2 Bg3+ 51. Kd1 Bc8 52. Rf1 Rg5 53. Rd2
Be6 54. Kc1 Rb5 55. Rd4 Rxb6 56. Re4 Rbb8 57. Ng4 Kg7 58. Nf6 Kg6 59. Nxe8 Rxe8
60. Bc5 Bd7 61. Rxe8 Bxe8 62. Kb2 h5 63. Bd4 Kg5 64. Rf8 Bg6 65. Be3+ Kg4 66.
Rc8 Bf7 67. Rc5 Bh4 68. Rc7 Bd5 69. Rg7+ Kf5 70. Bd4 Bg5 71. g3 Bh6 72. Rh7 Kg6
73. Rd7 Be6 74. Rc7 Bf8 75. Bc5 Bg7 76. Bd6 Bf6 77. Rc6 Kf5 78. Ra6 Bd5 79. Ra5
Ke4 80. Ra1 Bg8 81. Rf1 Bg7 82. Be7 Be5 83. Bh4 Be6 84. Kc2 Bh3 85. Re1+ Kf5
86. Kd2 Bg2 87. Ra1 Bd5 88. Ra7 Bf3 89. Ke3 Bd1 90. Ra5 Ke6 91. Ra3 Kf5 92. Ra1
Bc2 93. Ra5 Ke6 94. Ra6+ Kf5 95. Kd2 Bd3 96. Ra5 Ke6 97. Bd8 Bg6 98. Ra6+ Kf5
99. Bh4 Bf7 100. Rc6 Kg4 101. Rc8 Bxg3 102. Bxg3 Kxg3 103. Rf8 Be6 104. Rf6 Bg4
105. Rf1 h4 106. Ke3 h3 107. Rg1+ Kh4 108. Kf2 Be6 109. Re1 Bd5 110. Kg1 Kg3
111. Re2 1/2-1/2

[Event "Oberliga Ost B 2018 2019"]
[Site "?"]
[Date "2019.02.02"]
[Round "6.3"]
[White "Schneider, Christian"]
[Black "Uwira, Oliver"]
[Result "1/2-1/2"]
[WhiteElo "2192"]
[BlackElo "2182"]
[PlyCount "110"]
[EventDate "2018.10.21"]
[EventType "team-tourn"]
[EventCountry "GER"]
[WhiteTeam "Stadtilm SG BW"]
[BlackTeam "Frankfurt SC Koenig Nied"]
[WhiteTeamCountry "GER"]
[BlackTeamCountry "GER"]

1. c4 Nf6 2. g3 c6 3. Bg2 d5 4. cxd5 cxd5 5. Nf3 Nc6 6. d4 Bf5 7. O-O e6 8. Nc3
Bd6 9. Nh4 Bg4 10. Qa4 O-O 11. f3 Bh5 12. Be3 a6 13. Bh3 Nd7 14. Bf2 b5 15. Qd1
f5 16. Ng2 g5 17. Ne1 Qf6 18. Qd2 Nb6 19. b3 b4 20. Nd1 Rad8 21. Rc1 Be8 22.
Bg2 Rf7 23. Qb2 Bf8 24. Nd3 a5 25. Ne5 Rc7 26. Qd2 Qg7 27. Nb2 Rdc8 28. Nbd3
Nxe5 29. dxe5 Nd7 30. Bd4 Nb8 31. Rxc7 Rxc7 32. Bb6 Rc8 33. Rc1 Rxc1+ 34. Qxc1
Nc6 35. Qe3 h6 36. Kf1 Qd7 37. f4 g4 38. Nc5 Qc8 39. Na4 Nb8 40. Nc5 Qc6 41.
Nd3 Qc2 42. Qc1 Qxc1+ 43. Nxc1 a4 44. Ke1 Bb5 45. e3 Nd7 46. bxa4 Bxa4 47. Ba5
Bc5 48. Kd2 Nb6 49. Bxb6 Bxb6 50. Bf1 h5 51. Nb3 Bxb3 52. axb3 d4 53. exd4 Bxd4
54. Bc4 Kf7 55. Ke2 Ke7 1/2-1/2

[Event "Oberliga Ost B 2018 2019"]
[Site "?"]
[Date "2019.02.02"]
[Round "6.4"]
[White "Staller, Peter"]
[Black "George, Tom"]
[Result "0-1"]
[WhiteElo "2241"]
[BlackElo "2210"]
[PlyCount "124"]
[EventDate "2018.10.21"]
[EventType "team-tourn"]
[EventCountry "GER"]
[WhiteTeam "Frankfurt SC Koenig Nied"]
[BlackTeam "Stadtilm SG BW"]
[WhiteTeamCountry "GER"]
[BlackTeamCountry "GER"]

1. c4 Nf6 2. Nc3 e5 3. Nf3 Nc6 4. g3 Bb4 5. Bg2 O-O 6. O-O e4 7. Ne1 Bxc3 8.
dxc3 Re8 9. Nc2 d6 10. Ne3 Ne5 11. b3 Bd7 12. Nd5 Bc6 13. Nb4 h6 14. Bf4 a5 15.
Nxc6 bxc6 16. Qc2 Ng6 17. Bd2 Qc8 18. Rae1 a4 19. f3 e3 20. Bc1 Qa6 21. f4 Rab8
22. Kh1 axb3 23. axb3 c5 24. Rf3 Qb6 25. Rxe3 Rxe3 26. Bxe3 Qxb3 27. Qd3 Qa2
28. Bd2 Rb2 29. Rd1 Nf8 30. e4 N8d7 31. Bf3 Nb6 32. e5 Qxc4 33. Qxc4 Nxc4 34.
Bc1 Rf2 35. Bg2 Ng4 36. Re1 Rc2 37. exd6 Nxd6 38. Kg1 Rxc3 39. h3 Nf6 40. g4
Rb3 41. g5 Nh5 42. g6 Nf6 43. gxf7+ Kxf7 44. Be3 Nfe4 45. Bf2 Nxf2 46. Bd5+ Kf8
47. Bxb3 Nxh3+ 48. Kf1 c4 49. Bc2 Nxf4 50. Re5 Kf7 51. Ra5 Kf6 52. Kf2 g6 53.
Ke3 Ne6 54. Ra1 Nf5+ 55. Kd2 h5 56. Kc3 h4 57. Ra8 h3 58. Be4 Nd6 59. Bc6 g5
60. Rh8 g4 61. Bd7 Nf5 62. Kxc4 g3 0-1